[Event "Heusenstamm Schloss op"]
[Site "Heusenstamm"]
[Date "2023.11.26"]
[Round "6"]
[White "Alt, Johannes1"]
[Black "Francke, Helmut"]
[Result "1/2-1/2"]
[WhiteElo "1557"]
[BlackElo "1872"]
[PlyCount "73"]
[EventDate "2023.11.23"]
[EventType "swiss"]
[EventRounds "7"]
[EventCountry "GER"]
[SourceTitle "CB50_2023"]
[SourceDate "2023.12.13"]
[SourceVersion "1"]
[SourceVersionDate "2023.12.13"]
[SourceQuality "1"]

1. d4 Nf6 2. Nf3 e6 3. Bf4 b6 4. e3 Bb7 5. Be2 g6 6. 0-0 Bg7 7. h3 0-0 8. Nbd2 d6 9. c3 Nbd7 10. Bh2 Qe7 11. Re1 e5 12. Nc4 e4 13. Nfd2 Nd5 14. Qb3 a5 15. a4 f5 16. Na3 Kh8 17. c4 Nb4 18. Nc2 Nxc2 19. Qxc2 c5 20. d5 Rae8 21. f3 exf3 22. Bxf3 Ne5 23. Re2 Ba6 24. Rae1 Qf6 25. b3 Bc8 26. Rf2 Qh4 27. Bd1 g5 28. Bxe5 Bxe5 29. Nf3 Qg3 30. Nxe5 Qxe5 31. Qb2 Kg7 32. Qxe5+ Rxe5 33. Bc2 f4 34. e4 h5 35. Ref1 Ree8 36. h4 Kf6 37. hxg5+ 1/2-1/2

[Event "Rhein Main op-B 25th"]
[Site "Bad Homburg"]
[Date "2023.06.09"]
[Round "4"]
[White "Francke, Helmut"]
[Black "Miyake Siqueira, Pedro Henrique"]
[Result "1-0"]
[WhiteElo "1875"]
[BlackElo "1705"]
[PlyCount "103"]
[EventDate "2023.06.07"]
[EventType "swiss"]
[EventRounds "7"]
[EventCountry "GER"]
[SourceTitle "CBM 215 Extra"]
[Source "ChessBase"]
[SourceDate "2023.09.30"]
[SourceVersion "1"]
[SourceVersionDate "2023.09.30"]
[SourceQuality "1"]

1. Nf3 d5 2. g3 c5 3. Bg2 Bf5 4. 0-0 e6 5. d3 Nf6 6. Nbd2 Be7 7. Qe1 0-0 8. e4 dxe4 9. dxe4 Bg6 10. Qe2 Nc6 11. c3 Qc7 12. Ne1 Bh5 13. f3 Rad8 14. g4 Bg6 15. f4 h5 16. h3 hxg4 17. hxg4 Rfe8 18. Nc4 b5 19. Na3 c4 20. Nxb5 Qb6+ 21. Nd4 Rxd4 22. Be3 Bc5 23. cxd4 Bxd4 24. Nc2 Nxg4 25. Bxd4 Nxd4 26. Nxd4 Qxd4+ 27. Kh1 Ne3 28. Rfe1 Nxg2 29. Kxg2 Rb8 30. Rad1 Qf6 31. Kg3 e5 32. f5 Qg5+ 33. Qg4 Qf4+ 34. Qxf4 exf4+ 35. Kxf4 Bh5 36. Rd2 f6 37. Rc1 Bf7 38. Rc3 Kf8 39. Ra3 Rb7 40. Ke3 Ke7 41. Rg2 Kf8 42. Kd4 Rd7+ 43. Kc3 Re7 44. Kd4 Rd7+ 45. Ke3 Rb7 46. Ra4 Rd7 47. Rb4 Rd3+ 48. Kf4 Bh5 49. Rf2 c3 50. bxc3 Rxc3 51. Rb8+ Be8 52. Rh2 1-0

[Event "Hessenliga 1819"]
[Site "Hessen"]
[Date "2019.05.12"]
[Round "9.6"]
[White "Francke, Helmut"]
[Black "Uhl, Michael"]
[Result "1/2-1/2"]
[WhiteElo "1931"]
[BlackElo "2121"]
[PlyCount "29"]
[EventDate "2018.09.23"]
[EventType "team-tourn"]
[EventRounds "9"]
[EventCountry "GER"]
[SourceTitle "EXT 2020"]
[Source "ChessBase"]
[SourceDate "2019.10.17"]
[SourceVersion "1"]
[SourceVersionDate "2019.10.17"]
[SourceQuality "1"]
[WhiteTeam "Bad Nauheim"]
[BlackTeam "Bensheim"]
[WhiteTeamCountry "GER"]
[BlackTeamCountry "GER"]

1. Nf3 d5 2. g3 Nf6 3. Bg2 e6 4. 0-0 c5 5. d3 Nc6 6. Nbd2 Be7 7. e4 Qc7 8. Re1 b6 9. Qe2 Bb7 10. e5 Nd7 11. Nf1 h6 12. a3 a5 13. h3 Ba6 14. c4 d4 15. g4 1/2-1/2

[Event "Hessenliga 1819"]
[Site "Hessen"]
[Date "2018.11.18"]
[Round "3.5"]
[White "Stickler, Roberto"]
[Black "Francke, Helmut"]
[Result "1-0"]
[WhiteElo "2227"]
[BlackElo "1931"]
[PlyCount "73"]
[EventDate "2018.09.23"]
[EventType "team-tourn"]
[EventRounds "9"]
[EventCountry "GER"]
[SourceTitle "EXT 2020"]
[Source "ChessBase"]
[SourceDate "2019.10.17"]
[SourceVersion "1"]
[SourceVersionDate "2019.10.17"]
[SourceQuality "1"]
[WhiteTeam "Dettingen"]
[BlackTeam "Bad Nauheim"]
[WhiteTeamCountry "GER"]
[BlackTeamCountry "GER"]

1. d4 Nf6 2. c4 e6 3. Nf3 Bb4+ 4. Nbd2 0-0 5. g3 d5 6. Qb3 Na6 7. Bg2 c5 8. 0-0 Qe7 9. dxc5 Bxc5 10. Ne5 Nc7 11. e4 d4 12. Re1 a5 13. a3 Ra6 14. Ndf3 Rb6 15. Qc2 Rd8 16. Bd2 Ra6 17. Nd3 a4 18. e5 Nd7 19. Ng5 f5 20. exf6 Nxf6 21. Re2 h6 22. Nf3 b6 23. Nfe5 Bd7 24. Rae1 Be8 25. h3 Bd6 26. f4 Qf8 27. Rf2 Bc5 28. Kh2 Ra7 29. Nc6 Bxc6 30. Bxc6 Qd6 31. Bxa4 Qf8 32. Bc6 Bd6 33. Bg2 Rc8 34. Qb3 Bc5 35. Ne5 Qd6 36. Qd3 Qd8 37. Nc6 1-0

[Event "Wiesbaden op 27th"]
[Site "Wiesbaden"]
[Date "2015.08.28"]
[Round "3"]
[White "Francke, Helmut"]
[Black "Reinecke, Katharina"]
[Result "0-1"]
[WhiteElo "1961"]
[BlackElo "1765"]
[PlyCount "66"]
[EventDate "2015.08.27"]
[EventType "swiss"]
[EventRounds "7"]
[EventCountry "GER"]
[SourceTitle "EXT 2016"]
[Source "ChessBase"]
[SourceDate "2015.10.08"]
[SourceVersion "1"]
[SourceVersionDate "2015.10.08"]
[SourceQuality "1"]

1. Nf3 d5 2. g3 Nf6 3. Bg2 Bf5 4. b3 h6 5. Bb2 e6 6. d3 c6 7. Nbd2 Be7 8. e4 Bh7 9. e5 Nfd7 10. Qe2 Na6 11. 0-0 0-0 12. Ne1 Nc7 13. f4 a5 14. Nef3 a4 15. Rab1 axb3 16. axb3 Nb5 17. g4 Ra2 18. Qd1 Qb6+ 19. Kh1 Bb4 20. Qc1 Rfa8 21. Ra1 Nc3 22. Rxa2 Rxa2 23. Bxc3 Bxc3 24. Nb1 Ra1 25. Qd1 Qe3 26. Nfd2 Nc5 27. Qf3 Qxf3 28. Nxf3 Ba5 29. Nfd2 Ra2 30. Rc1 Nxd3 31. cxd3 Bxd2 32. Nxd2 Rxd2 33. Ra1 Bxd3 0-1

[Event "Wiesbaden op 27th"]
[Site "Wiesbaden"]
[Date "2015.08.28"]
[Round "2"]
[White "Geske, Julian"]
[Black "Francke, Helmut"]
[Result "1-0"]
[WhiteElo "2398"]
[BlackElo "1961"]
[PlyCount "69"]
[EventDate "2015.08.27"]
[EventType "swiss"]
[EventRounds "7"]
[EventCountry "GER"]
[SourceTitle "EXT 2016"]
[Source "ChessBase"]
[SourceDate "2015.10.08"]
[SourceVersion "1"]
[SourceVersionDate "2015.10.08"]
[SourceQuality "1"]

1. d4 Nf6 2. g3 e6 3. c4 Bb4+ 4. Bd2 a5 5. Bg2 Nc6 6. Nf3 d6 7. 0-0 e5 8. Be3 exd4 9. Nxd4 Ne5 10. Bf4 0-0 11. Qc2 c6 12. h3 Qe7 13. Rd1 Bc5 14. Qb3 a4 15. Qc3 Nh5 16. Bc1 f5 17. e3 Nf6 18. Qc2 g6 19. Nc3 a3 20. b3 Be6 21. Bd2 Rfd8 22. Na4 Ba7 23. Bb4 Bb8 24. Bxa3 Bf7 25. Bb2 d5 26. cxd5 Bxd5 27. Nb6 Bxg2 28. Kxg2 Ra6 29. Nc4 Nxc4 30. Qxc4+ Nd5 31. Nf3 Ba7 32. h4 Qc5 33. h5 Qe7 34. hxg6 hxg6 35. Rh1 1-0

[Event "Rhein Main op-B 16th"]
[Site "Bad Homburg"]
[Date "2013.05.31"]
[Round "4"]
[White "Groetzinger, Waldemar"]
[Black "Francke, Helmut"]
[Result "0-1"]
[WhiteElo "1697"]
[BlackElo "1980"]
[PlyCount "62"]
[EventDate "2013.05.29"]
[EventType "swiss"]
[EventRounds "7"]
[EventCountry "GER"]
[SourceTitle "EXT 2014"]
[Source "ChessBase"]
[SourceDate "2013.11.20"]
[SourceVersion "1"]
[SourceVersionDate "2013.11.20"]
[SourceQuality "1"]

1. b3 e5 2. Bb2 d6 3. e3 f5 4. d4 e4 5. d5 Nf6 6. Bb5+ Nbd7 7. Ne2 a6 8. Bxd7+ Bxd7 9. Nf4 Qe7 10. c4 g6 11. Nc3 Bg7 12. Nce2 g5 13. Nh3 h6 14. Ng3 Ng4 15. Qd2 Ne5 16. 0-0 0-0 17. Nh5 Bh8 18. Kh1 Qf7 19. Ng3 Qg6 20. Ng1 f4 21. exf4 gxf4 22. N3e2 f3 23. gxf3 exf3 24. Ng3 h5 25. h4 Bf6 26. Bxe5 Bxe5 27. Rae1 Rf4 28. Nxf3 Rxf3 29. Rg1 Bg4 30. Ne4 Raf8 31. Rg2 Kh8 0-1

[Event "Rhein Main op-B 14th"]
[Site "Bad Homburg"]
[Date "2011.06.23"]
[Round "2"]
[White "Meier, Juergen"]
[Black "Francke, Helmut"]
[Result "0-1"]
[WhiteElo "1762"]
[BlackElo "1997"]
[PlyCount "74"]
[EventDate "2011.06.22"]
[EventType "swiss"]
[EventRounds "7"]
[EventCountry "GER"]
[SourceTitle "EXT 2012"]
[Source "ChessBase"]
[SourceDate "2011.11.24"]
[SourceVersion "1"]
[SourceVersionDate "2011.11.24"]
[SourceQuality "1"]

1. e4 c5 2. Bc4 Nc6 3. Nf3 g6 4. Ng5 e6 5. d3 Bg7 6. Nc3 a6 7. a4 Nge7 8. 0-0 h6 9. Nf3 0-0 10. Bf4 d6 11. Qd2 Kh7 12. h3 b6 13. Rfe1 e5 14. Bh2 f5 15. Qe2 Ra7 16. Nd2 Nd4 17. Qd1 f4 18. Nf3 Nec6 19. Nb1 Nxf3+ 20. Qxf3 Nd4 21. Qd1 f3 22. c3 Qg5 23. Bg3 Ne2+ 24. Rxe2 fxe2 25. Qxe2 Qc1+ 26. Kh2 h5 27. b4 Bh6 28. Qa2 Bf4 29. Bxf4 Qxf4+ 30. g3 Qxf2+ 31. Qxf2 Rxf2+ 32. Kg1 Rb2 33. bxc5 bxc5 34. g4 hxg4 35. hxg4 Bxg4 36. Na3 Kh6 37. Rf1 Kg5 0-1

[Event "Rhein Main op-B 14th"]
[Site "Bad Homburg"]
[Date "2011.06.22"]
[Round "1"]
[White "Francke, Helmut"]
[Black "Kuenne, Lutz Dieter"]
[Result "1-0"]
[WhiteElo "1997"]
[BlackElo "1627"]
[PlyCount "25"]
[EventDate "2011.06.22"]
[EventType "swiss"]
[EventRounds "7"]
[EventCountry "GER"]
[SourceTitle "EXT 2012"]
[Source "ChessBase"]
[SourceDate "2011.11.24"]
[SourceVersion "1"]
[SourceVersionDate "2011.11.24"]
[SourceQuality "1"]

1. Nf3 b6 2. g3 Bb7 3. Bg2 c5 4. b3 Nf6 5. Bb2 e6 6. Na3 a6 7. 0-0 Be7 8. Nc4 b5 9. Nce5 d6 10. Nxf7 Kxf7 11. Ng5+ Kg6 12. Bxb7 Ra7 13. Nxe6 1-0

[Event "Hessen-ch Gr-C 64th"]
[Site "Bad Vilbel"]
[Date "2010.04.01"]
[Round "3"]
[White "Minor, Dieter"]
[Black "Francke, Helmut"]
[Result "0-1"]
[WhiteElo "1888"]
[BlackElo "1987"]
[PlyCount "64"]
[EventDate "2010.03.31"]
[EventType "swiss"]
[EventRounds "7"]
[EventCountry "GER"]
[SourceTitle "EXT 2011"]
[Source "ChessBase"]
[SourceDate "2010.11.26"]
[SourceVersion "1"]
[SourceVersionDate "2010.11.26"]
[SourceQuality "1"]

1. d4 Nf6 2. Nf3 g6 3. Bf4 Bg7 4. e3 b6 5. Bc4 Bb7 6. Nbd2 d6 7. c3 e6 8. 0-0 0-0 9. Rc1 Nbd7 10. Ng5 Qe7 11. Qb3 h6 12. Ngf3 Nh5 13. Bg3 Nxg3 14. hxg3 e5 15. dxe5 dxe5 16. e4 a6 17. Nh4 Kh7 18. Kh2 Nf6 19. f3 Nh5 20. Qd1 Bf6 21. Qe1 Nxg3 22. Qxg3 Bxh4 23. Qh3 Rad8 24. Rc2 Bg5 25. Nb3 Bc8 26. g4 Bf4+ 27. Kg2 Kg7 28. Kf2 h5 29. Ke2 hxg4 30. fxg4 Rh8 31. Qf3 Qg5 32. Rg1 Rh2+ 0-1